Ecuaciones diferenciales : (Registro nro. 40926)
[ vista simple ]
| 000 -LEADER | |
|---|---|
| fixed length control field | 01600cam a2200337 i 4500 |
| 001 - CONTROL NUMBER | |
| control field | 40926 |
| 003 - CONTROL NUMBER IDENTIFIER | |
| control field | Mx-PuUPA |
| 005 - DATE AND TIME OF LATEST TRANSACTION | |
| control field | 20230210073105.0 |
| 008 - FIXED-LENGTH DATA ELEMENTS--GENERAL INFORMATION | |
| fixed length control field | 140415s2015 mx d gr 001 0 spa d |
| 020 ## - INTERNATIONAL STANDARD BOOK NUMBER | |
| International Standard Book Number | 9786074389081 |
| 040 ## - CATALOGING SOURCE | |
| Description conventions | rda |
| Original cataloging agency | MX-PuUPA |
| Language of cataloging | spa |
| Transcribing agency | Mx-PuUPA |
| Modifying agency | Mx-PuUPA |
| 041 0# - LANGUAGE CODE | |
| Language code of text/sound track or separate title | spa |
| 100 1# - MAIN ENTRY--PERSONAL NAME | |
| Personal name | García Hernández, Ana Elizabeth, |
| Relator term | autor |
| 9 (RLIN) | 7329 |
| 245 10 - TITLE STATEMENT | |
| Title | Ecuaciones diferenciales : |
| Remainder of title | una nueva visión / |
| Statement of responsibility, etc. | Ana Elizabeth García Hernández, David Reich. |
| 250 ## - EDITION STATEMENT | |
| Edition statement | Primera edición |
| 264 #1 - PRODUCTION, PUBLICATION, DISTRIBUTION, MANUFACTURE, AND COPYRIGHT NOTICE | |
| Place of production, publication, distribution, manufacture | Azcapotzalco, México, D.F. : |
| Name of producer, publisher, distributor, manufacturer | Grupo Editorial Patria, |
| Date of production, publication, distribution, manufacture, or copyright notice | 2015 |
| 300 ## - PHYSICAL DESCRIPTION | |
| Extent | x, 387 páginas : |
| Other physical details | gráficos, diagramas ; |
| Dimensions | 27 cm. |
| Accompanying material | 1 disco de computadora (4 3/4 pulg.) |
| 336 ## - CONTENT TYPE | |
| Content type term | texto |
| Fuente | rdacontent |
| Content type code | txt |
| 336 ## - CONTENT TYPE | |
| Content type term | imagen en movimiento bidimensional |
| Fuente | rdacontent |
| Content type code | txt |
| 337 ## - MEDIA TYPE | |
| Media type term | sin medio |
| Source | rdamedia |
| Media type code | n |
| 337 ## - MEDIA TYPE | |
| Media type term | sin medio |
| Source | rdamedia |
| Media type code | n |
| 338 ## - CARRIER TYPE | |
| Carrier type term | volumen |
| Source | rdacarrier |
| Carrier type code | nc |
| 338 ## - CARRIER TYPE | |
| Carrier type term | disco compacto |
| Source | rdacarrier |
| Carrier type code | nc |
| 538 ## - SYSTEM DETAILS NOTE | |
| Display text | Requisitos mínimos: |
| System details note | Sistema operativo:<br/>Windows XP/vista/7/8.<br/>Mac 0SX 10.4 o superior.<br/>Procesador:<br/>Intel Core2 Duo o superior.<br/>Memoria RAM de al menos 1 GB.<br/>CD-ROM y tarjeta de video capaz de desplegar miles de colores.<br/>Resolución mínima de 1024x768 pix.<br/>Adobe Acrobat Reader 6.0 o superior.<br/>Flash Player 10.0 o superior. |
| 650 #7 - SUBJECT ADDED ENTRY--TOPICAL TERM | |
| Topical term or geographic name entry element | Ecuaciones diferenciales |
| Form subdivision | Problemas , ejercicios, etc. |
| Source of heading or term | armarc |
| 700 1# - ADDED ENTRY--PERSONAL NAME | |
| Personal name | Reich, David, |
| Relator term | autor |
| 942 ## - ADDED ENTRY ELEMENTS (KOHA) | |
| Source of classification or shelving scheme | Dewey Decimal Classification |
| Koha item type | Libro |
| Classification part | 515.35076 |
| Item part | G212 |
| Withdrawn status | Lost status | Source of classification or shelving scheme | Damaged status | Not for loan | Collection code | Home library | Current library | Shelving location | Date acquired | Source of acquisition | Total Checkouts | Full call number | Barcode | Date last seen | Date last checked out | Price effective from | Koha item type |
|---|---|---|---|---|---|---|---|---|---|---|---|---|---|---|---|---|---|
| Dewey Decimal Classification | Consulta en sala | Magisterial | Biblioteca Karol Wojtyla | Biblioteca Karol Wojtyla | Sala general | 15/05/2018 | Compra | 8 | 515.35076 G212 2015 | 61722 | 30/01/2026 | 17/02/2025 | 28/05/2018 | Magisterial | |||
| Dewey Decimal Classification | Audiovisual | Biblioteca Karol Wojtyla | Biblioteca Karol Wojtyla | Módulo de circulación | 10/02/2023 | 515.35076 G212 | 700626 | 10/02/2023 | 10/02/2023 | Cd-Rom |